|
|
|
|
| LEADER |
00000nab a22000001a 4500 |
| 001 |
vtls010704184 |
| 003 |
SK-MaSNL |
| 005 |
20260304194528.0 |
| 008 |
250709|1969 xo |||||||||||||||||slo| |
| 035 |
|
|
|a (urnnbn)urn:nbn:sk:snk:ar-a03wyu
|
| 035 |
|
|
|a (uuid)401bd72f-0738-4ae6-8daf-8ed0bb442550
|
| 035 |
|
|
|a urn:nbn:sk:snk-ab390t
|
| 040 |
|
|
|a SNKBUCL
|b slo
|c SNKBUCL
|e AACR2
|
| 041 |
0 |
|
|a slo
|
| 044 |
|
|
|a xo
|c SK
|
| 080 |
|
|
|a 336
|2 2001
|
| 080 |
|
|
|a 338.58
|2 2001
|
| 100 |
1 |
|
|a HALÁKOVÁ, EVA
|4 aut
|9 1528470
|
| 245 |
1 |
0 |
|a Arkadius Wołowczyk: Finanse a koncentracja nakladów inwestycyjnych. (Financie a koncentrácia investičných nákladov.)
|c Eva Haláková
|
| 600 |
1 |
7 |
|a Arkadius Wołowczyk
|2 SNK
|9 1528976
|
| 650 |
0 |
7 |
|a financie
|2 SNKPH
|9 2205
|
| 650 |
0 |
7 |
|a náklady
|2 SNKPH
|9 2318
|
| 655 |
|
7 |
|a recenzie
|2 SNKPH
|9 21907
|
| 740 |
0 |
2 |
|a Finanse a koncentracja nakladów inwestycyjnych
|
| 773 |
0 |
|
|t Finančné štúdie : časopis pre otázky finančnej teórie a hospodárskej politiky
|g Roč. 2, č. 3 (1969), s. 92-93
|
| 787 |
0 |
8 |
|i Rec.:
|a Arkadius Wołowczyk
|t Financie a koncentrácia investičných nákladov = Finanse a koncentracja nakladów inwestycyjnych
|d Varšava, 1967
|
| 850 |
|
|
|a Slovenská národná knižnica
|
| 852 |
|
|
|a Slovenská národná knižnica
|
| 954 |
|
|
|a odborná, vedecká literatúra pôvodná (slovenská)
|2 lita
|
| 958 |
|
|
|a article1
|
| 958 |
|
|
|a OND
|
| 958 |
|
|
|a EUIPO
|
| 999 |
|
|
|c 3074841
|d 3076771
|